Epigrafi melayu sejarah sistem tulisan dalam bahasa melayu (Record no. 82672)

MARC details
000 -LEADER
fixed length control field 00698nam a2200241 i 4500
001 - CONTROL NUMBER
control field C2-0274967
003 - CONTROL NUMBER IDENTIFIER
control field PPAK
005 - DATE AND TIME OF LATEST TRANSACTION
control field 20180728003848.0
008 - FIXED-LENGTH DATA ELEMENTS--GENERAL INFORMATION
fixed length control field 061008s2006 my |||| ||||| | may d
020 ## - INTERNATIONAL STANDARD BOOK NUMBER
International Standard Book Number 9836288988
040 ## - CATALOGING SOURCE
Original cataloging agency PPAK
Language of cataloging eng
Transcribing agency PPAK
Description conventions rda
082 04 - DEWEY DECIMAL CLASSIFICATION NUMBER
Classification number 499.2311
Edition number 23
090 00 - LOCALLY ASSIGNED LC-TYPE CALL NUMBER (OCLC); LOCAL CALL NUMBER (RLIN)
Classification number (OCLC) (R) ; Classification number, CALL (RLIN) (NR) 499.2311
Feature heading HAS
Feature heading G
100 0# - MAIN ENTRY--PERSONAL NAME
Personal name Hashim Musa,
Relator term author
245 10 - TITLE STATEMENT
Title Epigrafi melayu sejarah sistem tulisan dalam bahasa melayu
264 #1 - PRODUCTION, PUBLICATION, DISTRIBUTION, MANUFACTURE, AND COPYRIGHT NOTICE
Place of production, publication, distribution, manufacture Kuala Lumpur :
Name of producer, publisher, distributor, manufacturer Dewan Bahasa dan Pustaka ,
Date of production, publication, distribution, manufacture, or copyright notice 2006
300 ## - PHYSICAL DESCRIPTION
Extent xxv, 470 pages ;
Dimensions 22 cm
336 ## - CONTENT TYPE
Source rdacontent
Content type term text
337 ## - MEDIA TYPE
Source rdamedia
Media type term unmediated
338 ## - CARRIER TYPE
Source rdacarrier
Carrier type term volume
650 10 - SUBJECT ADDED ENTRY--TOPICAL TERM
Topical term or geographic name entry element Inscriptions, Malay - History.
942 ## - ADDED ENTRY ELEMENTS (KOHA)
-- dc
Koha item type Book
Holdings
Withdrawn Not for loan Current library Shelving location Date acquired Total Checkouts Total Renewals Full call number Barcode Date last seen Date last checked out Koha item type
    Perpustakaan Alor Setar Pinjaman Dewasa 15/03/2007 6 4 499.2311 HAS A01149203 07/12/2023 02/12/2023 Book
    Perpustakaan Awam Sungai Petani Pinjaman Dewasa 15/03/2007 3   499.2311 HAS A01149204 18/05/2026 04/05/2026 Book
    Perpustakaan Baling Pinjaman Dewasa 15/03/2007 2   499.2311 HAS A01149210 24/02/2024 12/02/2024 Book
    Perpustakaan Bandar Baharu Pinjaman Dewasa 15/03/2007 1   499.2311 HAS A01149211 13/03/2023 22/02/2023 Book
    Perpustakaan Jitra Pinjaman Dewasa 15/03/2007 1   499.2311 HAS A01149205 14/03/2020 25/02/2020 Book
    Perpustakaan Kuala Nerang Pinjaman Dewasa 15/03/2007 3   499.2311 HAS A01149212 04/01/2022 14/12/2021 Book
    Perpustakaan Kulim Pinjaman Dewasa 15/03/2007 6   499.2311 HAS A01149207 07/04/2024 14/02/2024 Book
    Perpustakaan Langkawi Pinjaman Dewasa 15/03/2007     499.2311 HAS A01149206 09/05/2018   Book
    Perpustakaan Merbok Pinjaman Dewasa 15/03/2007     499.2311 HAS A01149213 09/05/2018   Book
    Perpustakaan Sik Pinjaman Dewasa 15/03/2007 1   499.2311 HAS A01149209 05/01/2021 03/12/2020 Book